Letras : Cultura en Cuba.
保存先:
| フォーマット: | 不明 |
|---|---|
| 言語: | Spanish |
| 出版事項: |
Cuba :
Editorial Peblo y Educación,
1987.
|
| 主題: | |
| タグ: |
タグ追加
タグなし, このレコードへの初めてのタグを付けませんか!
|
MARC
| LEADER | 000000000a22000000004500 | ||
|---|---|---|---|
| 001 | 001892 | ||
| 041 | 0 | |a spa | |
| 082 | 0 | 4 | |a Cu862 |b L649 L |
| 245 | 0 | 0 | |a Letras : |b Cultura en Cuba. |
| 260 | 1 | |a Cuba : |b Editorial Peblo y Educación, |c 1987. | |
| 300 | |a 397 páginas ; |c 21 cm. | ||
| 500 | |a Volumen 3 | ||
| 650 | 4 | |a DRAMA CUBANO | |
| 650 | 4 | |a SIGLO XX | |
| 650 | 4 | |a HISTORIA Y CRITICA | |
| 650 | 4 | |a LITERATURA CUBANA | |
| 650 | 4 | |a ESTUDIO Y ENSEÑANZA | |
| 650 | 4 | |a CUBA | |
| 650 | 4 | |a HISTORIA | |
| 650 | 4 | |a VIDA INTELECTUAL | |
| 999 | |c 8538 |d 8538 | ||
| 942 | |c BK |h Cu862 L649 L |2 z | ||
